The literature of ancient Egypt : an anthology of stories, instructions, stelae, autobiographies, and poetry
Saved in:
| Other Authors: | , |
|---|---|
| Format: | Book |
| Language: | English Ancient Egyptian |
| Published: |
New Haven; London :
Yale University Press,
[c2003]
|
| Edition: | 3rd ed. |
| Subjects: | |
| Tags: |
Add Tag
No Tags, Be the first to tag this record!
|
MARC
| LEADER | 00000nam a2200000 i 4500 | ||
|---|---|---|---|
| 001 | 1/33955 | ||
| 008 | 060830s2003 eng d | ||
| 020 | |a 0-300-09920-7 | ||
| 035 | |l 10085088 | ||
| 040 | |a GR-MY-UA |b gre |e aacr | ||
| 041 | 1 | |a eng |h egy | |
| 082 | 0 | |a 893.108 |2 (22) | |
| 245 | 1 | 4 | |a The literature of ancient Egypt : |b an anthology of stories, instructions, stelae, autobiographies, and poetry / |c edited and with an introduction by William Kelly Simpson ; with translations by Robert K. Ritner...[et al.] |
| 250 | |a 3rd ed. | ||
| 260 | |a New Haven; London : |b Yale University Press, |c [c2003] | ||
| 300 | |a xiii, 598 σ.; |b ασπρ. εικ.; |c 24 εκ. | ||
| 504 | |a Βιβλιογραφία: σ. 531-598 | ||
| 650 | 0 | 0 | |a Egyptian literature |x Translations into english. |
| 651 | 0 | |a Egypt |x Literary collections. | |
| 700 | 1 | |a Simpson, William Kelly. |4 edt |4 aui | |
| 700 | 1 | |a Ritner, Robert Kriech |d 1953- |4 trl | |
| 852 | |a INST |b RHODES |e 20060830 |h 893.108 LIT |p 005400024293 |q 005400024293 |t BK |y 0 | ||
| 901 | |a BIBL4-2006-2 | ||
| 909 | |a Ρ |b 129114 | ||
| 920 | |a ΑΝΑΜΟΡΦΩΣΗ |b ΕΠΕΑΕΚ ΙΙ-ΤΜΣ |y ΡΟΔΟΣ |z 2006-07 | ||
| 970 | |a ΚΟΖΑ |b ΜΑΡΙΑ |z 2006/08/30 | ||